000 00640nam a22002057a 4500
003 OSt
005 20260502031706.0
008 260502b |||||||| |||| 00| 0 eng d
020 _a0-471-21348-9
040 _aDWCL-Main lib.
_cOC
082 _aCirc. 657 G986w 2003
100 _aGuy, Dan M.
245 _aWiley practitioner's guide to GAAS 2003 covering all SASs, SSAEs, SSARSs, and interpretations/
_cDan M. Guy
260 _bJohn Wiley and Sons, inc. ,
_c c2003
300 _a832 pages ;
_c23 cm.
504 _aIncludes index
700 _aCarmichael, D.R.
700 _aLach, Linda A.
942 _2ddc
_cBK-CIRC
_hCirc.
_n0
999 _c10176
_d10176